|
|
|
|
| LEADER |
00000nam0a2200000 4500 |
| 001 |
74931 |
| 005 |
20231031090043.0 |
| 035 |
|
|
|a (RuTPU)RU\TPU\book\79908
|
| 090 |
|
|
|a 74931
|
| 100 |
|
|
|a 20050315d1981 k y0rusy50 ca
|
| 101 |
0 |
|
|a rus
|
| 102 |
|
|
|a RU
|
| 105 |
|
|
|a a z 001zy
|
| 200 |
1 |
|
|a Геохимия регионального метаморфизма и ультраметаморфизма умеренных и низких давлений
|f В. А. Макрыгина
|g Российская Академия наук. Сибирское отделение, Институт геохимии им. А. П. Виноградова СО АН СССР; под ред. Б. М. Шмакина
|
| 210 |
|
|
|a Новосибирск
|c Наука
|d 1981
|
| 215 |
|
|
|a 199 с.
|c ил.
|
| 320 |
|
|
|a Библиогр.: с. 189-195.
|
| 610 |
1 |
|
|a геохимия
|
| 610 |
1 |
|
|a горные породы
|
| 610 |
1 |
|
|a метаморфизм
|
| 610 |
1 |
|
|a ультраметаморфизм
|
| 610 |
1 |
|
|a геология
|
| 610 |
1 |
|
|a метаморфический комплекс
|
| 675 |
|
|
|a 552.4
|v 3
|
| 700 |
|
1 |
|a Макрыгина
|b В. А.
|g Валентина Алексеевна
|
| 702 |
|
1 |
|a Шмакин
|b Б. М.
|g Борис Матвеевич
|4 340
|
| 712 |
0 |
2 |
|a Академия наук СССР (АН СССР)
|b Сибирское отделение (СО)
|b Институт геохимии им. А. П. Виноградова (ИГХ)
|c (Иркутск)
|2 stltpush
|3 (RuTPU)RU\TPU\col\1687
|
| 801 |
|
1 |
|a RU
|b 63413507
|c 20050315
|g PSBO
|
| 801 |
|
2 |
|a RU
|b 63413507
|c 20160325
|g PSBO
|
| 942 |
|
|
|c BK
|